Statistics for Houston Rockets 2000's Starters

Click here to take the quiz!

General Stats

  • This quiz has been taken 105 times
    (44 since last reset)
  • The average score is 7 of 23

Answer Stats

Player Starts % Correct
Yao Ming7
100%
Tracy McGrady4
86%
Hakeem Olajuwon2
68%
Steve Francis5
59%
Walt Williams1
51%
Shane Battier3
46%
Luis Scola1
35%
Cuttino Mobley4
32%
Jim Jackson1
27%
Juwan Howard2
24%
Rafer Alston4
24%
Kelvin Cato2
19%
Chuck Hayes2
16%
Ron Artest1
16%
Shandon Anderson2
14%
Bob Sura1
11%
Eddie Griffin1
11%
David Wesley2
8%
Kenny Thomas1
8%
James Posey1
5%
Maurice Taylor1
5%
Moochie Norris1
0%

Score Distribution

Percentile by Number Answered

Percent of People with Each Score

Your Score History

You have not taken this quiz since the last reset